00000000cam 2200000zi 4500
0019.956922
003CaOODSP
00520251210104746
006m     o  d f      
007cr |n|||||||||
008251030t20252025onca    ob   f000 0 eng d
020 |a9780660795546
040 |aCaOODSP|beng|erda|cCaOODSP
043 |an-cn---
0861 |aM4-274/2025E-PDF
24500|aProposed Indigenous Ministerial Arrangements Regulations : |bwhat we heard 2024-25.
264 1|a[Ottawa] : |bNatural Resources Canada = Ressources naturelles Canada, |c[2025]
264 4|c©2025
300 |a1 online resource (ii, 28 pages) : |bcolour figure
336 |atext|btxt|2rdacontent
337 |acomputer|bc|2rdamedia
338 |aonline resource|bcr|2rdacarrier
500 |aIssued also in French under title: Règlement proposé sur les accords ministériels autochtones : ce que nous avons entendu 2024-2025.
504 |aIncludes bibliographical references.
650 0|aIndigenous peoples|zCanada|xGovernment relations.
650 0|aEnergy development|xLaw and legislation|zCanada.
7101 |aCanada. |bNatural Resources Canada, |eissuing body.
77508|tRèglement proposé sur les accords ministériels autochtones : |w(CaOODSP)9.956923
85640|qPDF|s1.32 MB|uhttps://publications.gc.ca/collections/collection_2025/rncan-nrcan/M4-274-2025-eng.pdf
8564 |qHTML|sN/A|uhttps://natural-resources.canada.ca/corporate/transparency/acts-regulations/what-heard-2024-2025-report